| 000 | 00776nam a2200229 a 4500 | ||
|---|---|---|---|
| 001 | 49516 | ||
| 003 | BD-RjUL | ||
| 005 | 20211209054705.0 | ||
| 008 | 160821s1968 BG |||| |||| 00|benbbend | ||
| 020 | _c: Tk. 3.00 | ||
| 035 | _a(BD-RjUL)49635 | ||
| 040 |
_aBD-RjUL _bben _cBD-RjUL |
||
| 041 | _aben | ||
| 082 |
_223 _a891.443 _bPAN 1968 |
||
| 100 | 1 |
_aপাশা, আনোয়ার _9148000 |
|
| 245 | 1 | 0 |
_aনিযুতি রাতের গাথা / _cআনোয়ার পাশা |
| 260 |
_aঢাকা : _bস্টুডেন্ট ওয়েজ, _c১৯৬৮ |
||
| 300 |
_a[৮], ৯৪ পৃ. ; _b২১ সেমি. |
||
| 650 |
_aবাংলা উপন্যাস _9148001 |
||
| 650 |
_aBengali Fiction _9148002 |
||
| 942 |
_2ddc _cBK |
||
| 999 |
_c49516 _d49516 |
||